Piosenki Krzysztofa Krawczyka - nagła śmierć - Statystyki

Ogólne statystyki
  • Ten quiz został rozwiązany 279 razy
  • Średni wynik to 8 z 14
Answers on the Grid
Answers color-coded by a green-red scale on the quiz's grid according to % correct below.
Wehikuł czasu
Parostatek
Żono moja
Jolka Jolka
To co dał nam świat
Miłość w Zakopanem
Bo jesteś Ty
Za Tobą pójdę jak na bal
Pokolenie
Mój przyjacielu
Jak minął dzień
Autobiografia
Życia mała garść
Pragnienie miłości
Trudno tak
Lubiła tańczyć
Chciałem być
A wszystko te czarne oczy
Cykady na cykladach
Piła tango
Zawsze tam gdzie Ty
My cyganie
Nie liczę godzin i lat
Nie zostało nam już nic
Zacznij od Bacha
Rysunek na szkle
Wszystko ma swój czas
Cyganeczka Zosia
 
Statystyki odpowiedzi
Odpowiedź % Poprawnych
Parostatek
92%
Mój przyjacielu
81%
Bo jesteś Ty
79%
Za Tobą pójdę jak na bal
75%
Chciałem być
70%
Trudno tak
67%
Jak minął dzień
64%
To co dał nam świat
60%
My cyganie
42%
Nie zostało nam już nic
38%
Życia mała garść
36%
Rysunek na szkle
33%
Cyganeczka Zosia
30%
A wszystko te czarne oczy
19%
Nie znaleziono quizów pasujących do podanych kryteriów
Rozkład punktacji
Procent ludzi z każdym wynikiem
Percentyl według liczby udzielonych odpowiedzi
Twoja historia wyników
Nie rozwiązałeś tego quizu